Written statement (Record no. 84416)

MARC details
000 -LEADER
fixed length control field 01053cad a22001935a 4500
001 - CONTROL NUMBER
control field L157591
008 - FIXED-LENGTH DATA ELEMENTS--GENERAL INFORMATION
fixed length control field 130129e2013 xxk 000 0 eng d
035 ## - SYSTEM CONTROL NUMBER
System control number (Sirsi) u157591
041 0# - LANGUAGE CODE
Language code of text/sound track or separate title eng
110 2# - MAIN ENTRY--CORPORATE NAME
Corporate name or jurisdiction name as entry element United Kingdom
Subordinate unit Department for Communities and Local Government
9 (RLIN) 4939
245 00 - TITLE STATEMENT
Title Written statement
Remainder of title Change of use
-- Promoting regeneration
Medium [electronic resource]
260 ## - PUBLICATION, DISTRIBUTION, ETC.
Place of publication, distribution, etc. 2013
520 ## - SUMMARY, ETC.
Summary, etc. New permitted development rights will allow offices to be converted into flats without the need for planning permission. It will require an amendment to the Town and Country Planning (General Permitted Development) Order 1995 to be made by Statutory Instrument later this year. The new rules will be in force for a temporary period of three years with a review of the possible benefits following.
590 ## - LOCAL NOTE (RLIN)
Local note KA
651 #4 - SUBJECT ADDED ENTRY--GEOGRAPHIC NAME
Geographic name England
690 ## - LOCAL SUBJECT ADDED ENTRY--TOPICAL TERM (OCLC, RLIN)
Topical term or geographic name as entry element Planning and development
9 (RLIN) 6259
856 40 - ELECTRONIC LOCATION AND ACCESS
Uniform Resource Identifier <a href="https://www.gov.uk/government/speeches/change-of-use-promoting-regeneration">https://www.gov.uk/government/speeches/change-of-use-promoting-regeneration</a>
Public note View the written statement free of charge at www.gov.uk
942 ## - ADDED ENTRY ELEMENTS (KOHA)
Suppress in OPAC 0
Holdings
Withdrawn status Lost status Source of classification or shelving scheme Damaged status Not for loan Home library Current library Shelving location Date acquired Total Checkouts Full call number Barcode Date last seen Copy number Price effective from Koha item type
    Dewey Decimal Classification     Virtual Virtual Online 29/01/2013   ONLINE PUBLICATION 157591-2001 06/08/2019 1 06/08/2019 Online material